Feeling Blue? (Pic Game) Quiz Stats

 Plays Quiz not verified by Sporcle

Score 0/35 Timer 06:00
0 Plays Today
Name % Correct
Blue
84.6%
Papa Smurf
82.5%
Stitch
79.4%
Cookie Monster
77.3%
Dory
76.2%
Genie
75.5%
Jake Sully
74.5%
Squidward
67.8%
Eeyore
64.3%
Squirtle
58.4%
James P. 'Sulley' Sullivan
55.9%
Grover
54.5%
Gonzo
50%
Violet Beauregarde
44.4%
The Tick
40.2%
Blue Ranger
38.1%
Beast
36.4%
Mystique
35.7%
Name % Correct
Hermes
35.7%
Huckleberry Hound
35%
The Blue Fairy
35%
Buster Bunny
34.3%
Nightcrawler
30.4%
Dr. Manhattan
23.1%
Mr. Freeze
22.7%
Chairry
21.3%
Merryweather
21%
Grumpy Bear
19.6%
Sailor Mercury
17.5%
Jabber Jaw
16.1%
Abe Sapien
9.4%
Goo
8%
The Blue Caterpillar
7.3%
Max Rebo
5.2%
Diva Plavalaguna
4.2%

You're not logged in!

Compare scores with friends on all Sporcle quizzes.
OR
Log In

Show Comments

Extras

Top Quizzes Today


Score Distribution

Your Account Isn't Verified!

In order to create a playlist on Sporcle, you need to verify the email address you used during registration. Go to your Sporcle Settings to finish the process.

Report this User

Report this user for behavior that violates our Community Guidelines.

Details: